Sports Quiz

Random Sports or NFL Quiz

NFL Teams by Helmet Description Quiz Stats

 Plays Quiz Updated Sep 17, 2018

Also try: NCAA Helmets
Challenge
Share
Tweet
Embed
Score 0/32 Timer 06:00
28 Plays Today
Description Team Name % Correct
A gold lightning bolt outlined by navy and powder blue on a white helmetLos Angeles Chargers
91.1%
A native american surrounded by a gold ring and two feathers on a burgundy helmetWashington Redskins
90.6%
A speed blue horseshoe with white dots on a white helmetIndianapolis Colts
89.3%
Multiple black stripes on an orange helmetCincinnati Bengals
87%
A black, powerful, and aggressive bird with red and silver accents outlined in white which resembles the sixth letter of the English alphabet on a black helmetAtlanta Falcons
85.5%
A black cat outlined in *______* blue on a silver helmetCarolina Panthers
81.4%
A white horn outlined with gold on a purple helmetMinnesota Vikings
79.1%
A new century gold color swirl on a millennium blue helmetLos Angeles Rams
78.4%
A red flag with a white pirate skull and crossed sabres on a pewter helmetTampa Bay Buccaneers
76.1%
An aqua creature surrounded by a coral ring on a white helmetMiami Dolphins
75.5%
A white and silver pirate with a black eyepatch in a black shield with the team name in white letters on a silver helmetOakland Raiders
74%
Two red letters in a white arrowhead outlined by a thin black line on a red helmetKansas City Chiefs
73.6%
The team name in white letters in a hunter green oval on a white helmetNew York Jets
73.4%
A navy blue star outlined in white and bordered by navy blue on a metallic silver helmetDallas Cowboys
68.4%
A navy and grey colored aggresive-looking bird with a neon green eye on a dark *______* blue colored helmetSeattle Seahawks
67.7%
A white colored horse head with an orange mane and a navy blue outlining all on a navy blue helmetDenver Broncos
66.8%
Description Team Name % Correct
A solid orange helmetCleveland Browns
65.4%
A white circle filled with the team name in black and a yellow, red, and blue astroid on a black helmetPittsburgh Steelers
65.3%
A bull head split into three divisions filled with the colors deep steel blue, battle red, and liberty white with a star replacing the spot of the eye on a deep blue steel helmetHouston Texans
63.5%
The second letter of the English alphabet colored in metallic gold on a threatning-looking purple bird with a white beak with a black and metallic gold outlining on a black helmetBaltimore Ravens
61.7%
A *______* red colored head of a bird with a goldish yellow beak outlined with black on a white helmetArizona Cardinals
61.4%
Two white letters underlined by the second letter on a dark blue helmetNew York Giants
61.1%
The seventh letter of the English alphabet filled in with white in a green oval bordered by gold on a gold helmetGreen Bay Packers
60.4%
Two white letters, the first one over-lapping the second, in a scarlet colored oval outlined with *_____* metallic gold bordered by black on a *_____* metallic gold helmetSan Francisco 49ers
58.9%
A honolulu blue cat with white outlining and black bordering on a silver helmetDetroit Lions
58.6%
A navy blue circle with three red stars containing a large font size of the 20th letter of the English alphabet with a trail of *_____* blue and red flames on a dark blue helmetTennessee Titans
57.9%
A black fleur-de-lis with white outlining and bordered by black on an old gold helmetNew Orleans Saints
55.3%
The third letter of the English alphabet in the shape of a wishbone colored in with burnt orange with a white trim on a navy blue helmetChicago Bears
54.5%
A royal blue animal charging with a slanted red stripe running down from its horn on a white helmetBuffalo Bills
53.7%
A white and silver wing of a bird outlined by black and bordered by white on a midnight green helmetPhiladelphia Eagles
53%
A silver face with a nautical blue shadow and hat with a white star and red stripes outlined with white on a new century silver helmetNew England Patriots
51.8%
A snarling gold cat head with a teal tongue on a black helmetJacksonville Jaguars
49.3%

You're not logged in!

Compare scores with friends on all Sporcle quizzes.
OR
Log In

You Might Also Like...

Show Comments

Extras

Top Quizzes Today


Score Distribution

Your Account Isn't Verified!

In order to create a playlist on Sporcle, you need to verify the email address you used during registration. Go to your Sporcle Settings to finish the process.

Report this User

Report this user for behavior that violates our Community Guidelines.

Details: